Mantra Jennie - lyrics - Statistics

General Stats
  • This quiz has been taken 51 times
  • The average score is 276 of 394
Answer Stats
Answer % Correct
girl
100%
girls
100%
Hahahaha
100%
mantra
100%
Pretty
100%
pretty
100%
it
97%
That
97%
that
97%
the
97%
day
94%
do
94%
drama
94%
This
94%
this
94%
wanna
94%
a
91%
I'm
91%
in
91%
just
91%
don't
88%
LA
88%
no
88%
we
88%
We
88%
depending
84%
'less
84%
on
84%
It's
81%
to
81%
To
81%
ya
81%
My
78%
my
78%
be
75%
down
75%
flaunt
75%
make
75%
not
75%
both
72%
have
72%
me
72%
Me
72%
touched
72%
way
72%
you
72%
catch
69%
defend
69%
swing
69%
with
69%
an
66%
deep
66%
ever
66%
and
63%
drunk
63%
every
63%
fun
63%
her
63%
it'll
63%
let
63%
never
63%
stunna
63%
ways
63%
ass
59%
feel
59%
all
56%
are
56%
at
56%
Defender
56%
like
56%
she
56%
clothes
53%
gon'
53%
Sometimes
53%
what
53%
back
50%
gonna
50%
know
50%
she's
50%
sis
50%
got
47%
i'ma
47%
I'ma
47%
Look
47%
Love
47%
pajamas
47%
stray
47%
Throw
47%
too
47%
cold
44%
dumb
44%
we're
44%
by
41%
Cause
41%
from
41%
gotta
41%
is
41%
late
41%
minute
41%
Mix
41%
of
41%
packed
41%
run
41%
sun
41%
attached
38%
for
38%
In-N-Out
38%
them
38%
twenty
38%
we'll
38%
Bonnies
34%
Check
34%
commas
34%
Daytime
34%
drive
34%
I'ma
34%
Inside
34%
night
34%
Straight
34%
switch
34%
You're
34%
baddie
31%
good
31%
off
31%
plunge
31%
Quick
31%
through
31%
ain't
28%
Ain't
28%
glowin
28%
had
28%
lane
28%
light
28%
mind
28%
our
28%
Swervin
28%
vibes
28%
bitch
25%
fit
25%
Oh
25%
ruin
25%
time
25%
use
25%
already
22%
full
22%
one
22%
Swerve
22%
talk
22%
tryna
22%
even
19%
grid
19%
nobody
19%
weird
19%
could
16%
creeps
16%
dim
16%
knows
16%
new
16%
everyone
13%
livin'
13%
remember
13%
words
13%
nothing
9%
trigger
9%
No matching quizzes found
Score Distribution
Percent of People with Each Score
Percentile by Number Answered
Your Score History
You have not taken this quiz